| 000 | 00723nam a2200205 a 4500 | ||
|---|---|---|---|
| 001 | 000022576 | ||
| 005 | 20200930021702.0 | ||
| 008 | 101013s2004 cu ac 001 0 spa d | ||
| 020 | _a1890829250 | ||
| 040 |
_aDO-SdBNP _bspa _cBNPHU |
||
| 082 |
_axxxx _bH557j |
||
| 100 | 1 |
_aHernández Trujillo, Frank _946466 |
|
| 245 | 1 | 0 |
_aJuicios a opositores pacíficos en Cuba : _bterrorismo de Estado / _cFrank Hernández Trujillo, Juan F. Benemelis. |
| 260 |
_aMiami : _bGrupo de Apollo a la Democracia (GAD), _c2004. _fRodes Printing |
||
| 300 |
_a396 p. : _bil., retrs. ; _c28 cm. |
||
| 490 | 1 | _aDocumentos para la Historia | |
| 700 | 1 |
_aBenemelis, Juan F. _946467 |
|
| 830 | 0 |
_aDocumentos para la Historia _946468 |
|
| 049 | _aBNPD | ||
| 999 |
_c22073 _d22073 |
||